000 00652nam a2200217 a 4500
001 72307
003 BD-RjUL
005 20211209082238.0
008 170516s e a|||| |||| 001 0 eng d
035 _a(BD-RjUL)72524
040 _aBD-RjUL
_beng
_cBD-RjUL
_dBD-RjUL
041 _aeng
082 _223
_a539
_bNAM 1957
100 _a Name, F W Van
_9213827
245 _aModern Physics :
_bDevelopments of the Twentieth Century /
_cF W Van Name
260 _aEnglewood Cliffs :
_b Prentice-Hall,
_cc1952 [printing 1957].
300 _avii, 360 p. :
_bill. ;
_c22 cm.
500 _aIncludes Index.
650 _aModern physics
_9159266
942 _2ddc
_cBK
999 _c72307
_d72307